000 00340nam a22001457a 4500
008 221201b ||||| |||| 00| 0 eng d
020 _a2901133945467
041 _aeng
080 _2NINTH EDITION
_a159.9
082 _a159.9 COR
100 _a25
101 _aPSI
245 _aGROUPS PROCESS AND PRACTICE
_cCOREY S M
942 _2udc
_cBK
999 _c59057
_d59057